000 00532nam a22001697a 4500
003 OSt
005 20260313110905.0
008 260313b |||||||| |||| 00| 0 eng d
040 _cMRSPTU
041 _aEnglish
100 _aPriyanka, Supervisor: Dr. Sandeep Kansal
245 _aStudy of Natural Radionuclides in Soil Samples of Jaito Using Nal Detector
260 _bDepartment of Physics, MRSPTU, Bathinda
_c2015
650 _aPhysics
856 _uhttp://163.47.215.52:8080/jspui/handle/123456789/1199
942 _2ddc
_cTH
_n0
999 _c11142
_d11142